LDR 00887naa#a2200205#i#450# 001 RU\\bibl\121249 005 20260501213429.5 011 ## _a1994-4683 100 ## _a20230803b2023####ek#y0rusy0150####ca 102 ## _aRU 200 1# _aМЕТОДИКА РАЗВИТИЯ КООРДИНАЦИИ В ПРЫЖКАХ НА БАТУТЕ _eЖурнальная статья 210 1# _aМосква _cНациональный государственный Университет физической культуры, спорта и здоровья им. П.Ф. Лесгафта _d2023 215 ## _a3 с. 608 ## _aЖурнальная статья _2local 675 ## _aУпражнения на батуте. 796.418.6 _z 700 #1 _aАкулова _gА И 700 #1 _aБогачева _gЕ В 700 #1 _aГаевская _gО В 700 #1 _aЛихачева _gВ С 856 4# _auchzapiski.lesgaft.spb.ru _u